[Event "CAN/Quebec op"]
[Site "Montreal CAN"]
[Date "2008.07.23"]
[Round "5"]
[White "Rozentalis, Eduardas"]
[Black "Yoos, John"]
[Result "1/2-1/2"]
[WhiteElo "2599"]
[BlackElo "2366"]
[PlyCount "136"]
[GameId "2160767910345271"]
[EventDate "2008.07.19"]
[EventType "swiss"]
[EventRounds "9"]
[EventCountry "CAN"]
[SourceTitle "CBM 125 Extra"]
[Source "ChessBase"]
[SourceDate "2008.09.01"]
[SourceVersion "1"]
[SourceVersionDate "2008.09.01"]
[SourceQuality "1"]

1. e4 c5 2. Nf3 d6 3. Bb5+ Nd7 4. d4 Ngf6 5. Nc3 cxd4 6. Qxd4 a6 7. Bxd7+ Bxd7 8. Bg5 e6 9. Rd1 Bc6 10. O-O Be7 11. Rfe1 O-O 12. Qd3 Qc7 13. Nd4 Rfd8 14. Qg3 Kh8 15. Rd3 h6 16. Qh4 Ng8 17. Bxe7 Nxe7 18. Rg3 Rg8 19. Rd1 Be8 20. Rh3 b5 21. Qf4 Kh7 22. e5 dxe5 23. Qe4+ Ng6 24. Nxe6 Qa7 25. Ng5+ Kh8 26. Rd6 Qe7 27. Rxg6 fxg6 28. Qxa8 Qxg5 29. Re3 b4 30. Ne4 Qg4 31. Re1 Qe6 32. Qb8 a5 33. b3 g5 34. Qc7 Qd5 35. c4 bxc3 36. Nxc3 Qd2 37. Qxe5 Bg6 38. Qe3 Qb2 39. Qc1 Qxc1 40. Rxc1 Rd8 41. Re1 Rd2 42. Re2 Rd3 43. Re3 Rd2 44. g4 Rc2 45. Kf1 Kg8 46. Ke1 Rc1+ 47. Nd1 Ra1 48. Re2 Bb1 49. a4 Kf7 50. Rb2 Ke6 51. Ke2 Ke5 52. Ke3 Bg6 53. Nc3 Rc1 54. Ne2 Rd1 55. f4+ gxf4+ 56. Nxf4 Be4 57. b4 g5 58. Ne2 Rd3+ 59. Kf2 Rf3+ 60. Kg1 axb4 61. Rxb4 Ra3 62. Rb5+ Bd5 63. a5 Ke4 64. Kf2 Bc4 65. Ng3+ Kd3 66. Re5 Ra2+ 67. Re2 Rxa5 68. Ne4 Re5 1/2-1/2

[Event "CAN/Quebec op"]
[Site "Montreal CAN"]
[Date "2008.07.23"]
[Round "5"]
[White "Swathi, Ghate"]
[Black "Sambuev, Bator"]
[Result "0-1"]
[WhiteElo "2351"]
[BlackElo "2496"]
[PlyCount "48"]
[GameId "2160767910345272"]
[EventDate "2008.07.19"]
[EventType "swiss"]
[EventRounds "9"]
[EventCountry "CAN"]

1. e4 e6 2. d4 d5 3. Nc3 Bb4 4. e5 c5 5. a3 Ba5 6. b4 cxd4 7. Qg4 Ne7 8. bxa5 dxc3 9. Qxg7 Rg8 10. Qxh7 Nbc6 11. f4 Qxa5 12. Rb1 a6 13. Nf3 Bd7 14. Qd3 O-O-O 15. g3 Nf5 16. Bg2 Qc5 17. Rb3 d4 18. Ng5 Rxg5 19. fxg5 Na5 20. Rxb7 Nxb7 21. Qxa6 Qb5 22. Qa7 Bc6 23. Bxc6 Qxc6 24. O-O d3 0-1

[Event "CAN/Quebec op"]
[Site "Montreal CAN"]
[Date "2008.07.23"]
[Round "5"]
[White "Venkatesh, Marani Rajendran"]
[Black "Kunte, Abhijit"]
[Result "1/2-1/2"]
[WhiteElo "2462"]
[BlackElo "2554"]
[PlyCount "46"]
[GameId "2160767910345273"]
[EventDate "2008.07.19"]
[EventType "swiss"]
[EventRounds "9"]
[EventCountry "CAN"]
[SourceTitle "CBM 125 Extra"]
[Source "ChessBase"]
[SourceDate "2008.09.01"]
[SourceVersion "1"]
[SourceVersionDate "2008.09.01"]
[SourceQuality "1"]

1. e4 e5 2. Nf3 Nc6 3. Bb5 a6 4. Ba4 Nf6 5. O-O Be7 6. Re1 b5 7. Bb3 d6 8. c3 O-O 9. h3 Nb8 10. d4 Nbd7 11. Nbd2 Bb7 12. Bc2 Re8 13. Nf1 Bf8 14. Ng3 g6 15. a4 Bg7 16. Bd3 c6 17. Bg5 Qc7 18. Qd2 Nf8 19. Ra3 Ne6 20. Be3 Nd7 21. axb5 axb5 22. Rea1 Rxa3 23. Rxa3 Ra8 1/2-1/2

[Event "CAN/Quebec op"]
[Site "Montreal CAN"]
[Date "2008.07.24"]
[Round "6"]
[White "Anastasovski, Nikola"]
[Black "Henry, Liam"]
[Result "0-1"]
[WhiteElo "2129"]
[BlackElo "2211"]
[PlyCount "62"]
[GameId "2160767910345276"]
[EventDate "2008.07.19"]
[EventType "swiss"]
[EventRounds "9"]
[EventCountry "CAN"]
[SourceTitle "CBM 125 Extra"]
[Source "ChessBase"]
[SourceDate "2008.09.01"]
[SourceVersion "1"]
[SourceVersionDate "2008.09.01"]
[SourceQuality "1"]

1. e4 d5 2. exd5 Nf6 3. Bc4 Nxd5 4. Qf3 e6 5. c3 Be7 6. Ne2 O-O 7. O-O c5 8. d4 cxd4 9. Nxd4 Nc6 10. Bxd5 Qxd5 11. Nxc6 bxc6 12. Nd2 Bb7 13. Qxd5 cxd5 14. Nb3 a5 15. Be3 Rfc8 16. Bd4 Ba6 17. Rfe1 a4 18. Nd2 Rab8 19. b4 Bf6 20. Bxf6 gxf6 21. Rac1 d4 22. a3 Rxc3 23. Ra1 Rc2 24. Ne4 f5 25. Nc5 Be2 26. Nxa4 d3 27. Reb1 d2 28. Nb2 Rbc8 29. Nd1 Bxd1 30. Rxd1 Rc1 31. f3 Rxa1 0-1

[Event "CAN/Quebec op"]
[Site "Montreal CAN"]
[Date "2008.07.24"]
[Round "6"]
[White "Arencibia Rodriguez, Walter"]
[Black "Ganguly, Surya Shekhar"]
[Result "1/2-1/2"]
[WhiteElo "2536"]
[BlackElo "2631"]
[PlyCount "55"]
[GameId "2160767910345277"]
[EventDate "2008.07.19"]
[EventType "swiss"]
[EventRounds "9"]
[EventCountry "CAN"]
[SourceTitle "CBM 125 Extra"]
[Source "ChessBase"]
[SourceDate "2008.09.01"]
[SourceVersion "1"]
[SourceVersionDate "2008.09.01"]
[SourceQuality "1"]

1. d4 Nf6 2. Nf3 g6 3. c4 Bg7 4. Nc3 d5 5. e3 O-O 6. b4 c6 7. Qb3 Bg4 8. Ne5 Be6 9. cxd5 Nxd5 10. Bc4 Bxe5 11. dxe5 Nd7 12. f4 N7b6 13. Bxd5 cxd5 14. Qd1 Qd7 15. O-O Rac8 16. Ne2 Bg4 17. h3 Bxe2 18. Qxe2 Qf5 19. a4 Rc2 20. Qf3 e6 21. g4 Qe4 22. a5 Qxf3 23. Rxf3 Rfc8 24. axb6 Rxc1+ 25. Rxc1 Rxc1+ 26. Rf1 Rxf1+ 27. Kxf1 axb6 28. b5 1/2-1/2

[Event "CAN/Quebec op"]
[Site "Montreal CAN"]
[Date "2008.07.24"]
[Round "6"]
[White "Arsenault, Nicolas"]
[Black "Lachaux, Jerome"]
[Result "1-0"]
[WhiteElo "2213"]
[BlackElo "2075"]
[PlyCount "33"]
[GameId "2160767910345278"]
[EventDate "2008.07.19"]
[EventType "swiss"]
[EventRounds "9"]
[EventCountry "CAN"]
[SourceTitle "EXT 2009"]
[Source "ChessBase"]
[SourceDate "2008.11.26"]
[SourceVersion "1"]
[SourceVersionDate "2008.11.26"]
[SourceQuality "1"]

1. e4 d5 2. exd5 Nf6 3. d4 Bg4 4. Nf3 Qxd5 5. Be2 Nc6 6. h3 Qh5 7. O-O O-O-O 8. hxg4 Nxg4 9. Bf4 e5 10. Nxe5 Ncxe5 11. Bxe5 f5 12. Bxg4 fxg4 13. Re1 Bd6 14. Bxd6 Rxd6 15. Re4 Rg6 16. Nc3 Rf8 17. Qe2 1-0

[Event "CAN/Quebec op"]
[Site "Montreal CAN"]
[Date "2008.07.24"]
[Round "6"]
[White "Barbeau, Sylvain"]
[Black "Panjwani, Raja"]
[Result "0-1"]
[WhiteElo "2367"]
[BlackElo "2310"]
[PlyCount "74"]
[GameId "2160767910353471"]
[EventDate "2008.07.19"]
[EventType "swiss"]
[EventRounds "9"]
[EventCountry "CAN"]
[SourceTitle "CBM 125 Extra"]
[Source "ChessBase"]
[SourceDate "2008.09.01"]
[SourceVersion "1"]
[SourceVersionDate "2008.09.01"]
[SourceQuality "1"]

1. e4 e5 2. Nf3 Nc6 3. d4 exd4 4. Nxd4 Bb4+ 5. c3 Bc5 6. Nxc6 bxc6 7. Bd3 Qh4 8. Qe2 Nf6 9. Be3 Bxe3 10. Qxe3 O-O 11. Nd2 Re8 12. O-O d6 13. Qg3 Qxg3 14. hxg3 Nd7 15. Rfe1 a5 16. b3 Ba6 17. Bxa6 Rxa6 18. f3 f6 19. Rad1 Nb6 20. Kf2 a4 21. b4 a3 22. Rb1 Na4 23. Rb3 Nb2 24. Ke3 c5 25. bxc5 dxc5 26. c4 Rd8 27. Rb7 Rad6 28. Nb3 Nxc4+ 29. Kf4 Ne5 30. Re2 c4 31. Nc5 Rc6 32. Na4 Rd3 33. Rc2 g5+ 34. Kf5 Nf7 35. Kg4 Nh6+ 36. Kh3 f5 37. Kh2 Ng4+ 0-1

[Event "CAN/Quebec op"]
[Site "Montreal CAN"]
[Date "2008.07.24"]
[Round "6"]
[White "Chabot, Roland"]
[Black "Jiang, Louie"]
[Result "0-1"]
[WhiteElo "2235"]
[BlackElo "2135"]
[PlyCount "90"]
[GameId "2160767910353472"]
[EventDate "2008.07.19"]
[EventType "swiss"]
[EventRounds "9"]
[EventCountry "CAN"]
[SourceTitle "CBM 125 Extra"]
[Source "ChessBase"]
[SourceDate "2008.09.01"]
[SourceVersion "1"]
[SourceVersionDate "2008.09.01"]
[SourceQuality "1"]

1. d4 Nf6 2. c4 e6 3. Nc3 d5 4. cxd5 exd5 5. Bg5 c6 6. e3 Be7 7. Bd3 O-O 8. Nge2 Re8 9. Qc2 Nbd7 10. O-O-O Nf8 11. h3 Bd7 12. Kb1 Rc8 13. g4 b5 14. Bf5 b4 15. Bxf6 Bxf6 16. Na4 Bxf5 17. gxf5 Nd7 18. Nf4 Be7 19. Rhg1 Nf6 20. Rg2 Kh8 21. Rdg1 Rg8 22. Nd3 Nd7 23. f3 Bf6 24. Nxb4 Qe7 25. Qd2 Rge8 26. Re2 Bg5 27. Nc2 c5 28. Nxc5 Nxc5 29. dxc5 Rxc5 30. Qd3 Bf6 31. Nd4 Rc4 32. Nb3 Qe5 33. Rd1 Rf4 34. Qxd5 Qxd5 35. Rxd5 Rxf3 36. e4 h5 37. e5 Rxf5 38. exf6 Rf1+ 39. Nc1 Rxe2 40. Rxh5+ Kg8 41. fxg7 Ree1 42. Rc5 Kxg7 43. b4 Re4 44. a3 Re3 45. Ra5 Rc3 0-1

[Event "CAN/Quebec op"]
[Site "Montreal CAN"]
[Date "2008.07.24"]
[Round "6"]
[White "Doubleday, William"]
[Black "Masse, Hugues"]
[Result "1/2-1/2"]
[WhiteElo "2125"]
[BlackElo "2196"]
[PlyCount "90"]
[GameId "2160767910353473"]
[EventDate "2008.07.19"]
[EventType "swiss"]
[EventRounds "9"]
[EventCountry "CAN"]
[SourceTitle "EXT 2009"]
[Source "ChessBase"]
[SourceDate "2008.11.26"]
[SourceVersion "1"]
[SourceVersionDate "2008.11.26"]
[SourceQuality "1"]

1. d4 Nf6 2. c4 g6 3. Nc3 d5 4. cxd5 Nxd5 5. e4 Nxc3 6. bxc3 Bg7 7. Bc4 c5 8. Ne2 Nc6 9. Be3 O-O 10. O-O Bg4 11. f3 Na5 12. Bxf7+ Rxf7 13. fxg4 Rxf1+ 14. Kxf1 cxd4 15. cxd4 e5 16. Rc1 exd4 17. Bxd4 Bxd4 18. Nxd4 Qf6+ 19. Nf3 Nc6 20. Rc2 Re8 21. g5 Qf4 22. Qd5+ Kh8 23. Re2 Ne5 24. Qd6 Rf8 25. Rc2 Nxf3 26. Qxf4 Nxh2+ 27. Kg1 Rxf4 28. Kxh2 Rxe4 29. Rc8+ Kg7 30. Rc7+ Kg8 31. Rxb7 Ra4 32. Rb2 Ra3 33. g3 Kf7 34. Kh3 Ke6 35. Kg4 Ra4+ 36. Kf3 Ke5 37. Rd2 Ra5 38. Kg4 Ra4+ 39. Kf3 Ke6 40. Rc2 Kd6 41. Rh2 Ke5 42. Rd2 a6 43. Rc2 a5 44. Rd2 Ra3+ 45. Kg4 Ra4+ 1/2-1/2

[Event "CAN/Quebec op"]
[Site "Montreal CAN"]
[Date "2008.07.24"]
[Round "6"]
[White "Hansen, Eric"]
[Black "Bartholomew, John"]
[Result "1/2-1/2"]
[WhiteElo "2268"]
[BlackElo "2440"]
[PlyCount "170"]
[GameId "2160767910353475"]
[EventDate "2008.07.19"]
[EventType "swiss"]
[EventRounds "9"]
[EventCountry "CAN"]
[SourceTitle "CBM 125 Extra"]
[Source "ChessBase"]
[SourceDate "2008.09.01"]
[SourceVersion "1"]
[SourceVersionDate "2008.09.01"]
[SourceQuality "1"]

1. e4 e6 2. d4 d5 3. Nc3 dxe4 4. Nxe4 Bd7 5. Nf3 Bc6 6. Bd3 Nd7 7. O-O Ngf6 8. Qe2 Bxe4 9. Bxe4 Nxe4 10. Qxe4 c6 11. c4 Be7 12. Rd1 O-O 13. Bf4 Qa5 14. Ne5 Rad8 15. Rd3 Nxe5 16. Bxe5 Bd6 17. Bg3 Bxg3 18. hxg3 Rd7 19. a3 Rfd8 20. b4 Qg5 21. Rad1 h5 22. Kh2 g6 23. f4 Qf5 24. Qe3 a6 25. a4 f6 26. R3d2 Kf7 27. Re2 b5 28. axb5 axb5 29. cxb5 cxb5 30. Red2 Rc8 31. d5 exd5 32. Qf3 Rcd8 33. Rc1 Qe4 34. Rc5 Qxb4 35. Rcxd5 Qxd2 36. Rxd2 Rxd2 37. Qb7+ R8d7 38. Qxb5 Rd1 39. Qb3+ Kg7 40. Qe6 R1d6 41. Qe8 Rf7 42. Qe4 Rdd7 43. Qf3 Rfe7 44. g4 hxg4 45. Qxg4 Rd4 46. Qf3 Rd2 47. Kh3 Rde2 48. Qd5 R2e3+ 49. Kh2 R3e4 50. Kg3 Ra4 51. Qd6 Rea7 52. Qe6 R4a6 53. Qe8 Ra3+ 54. Kh2 R3a5 55. Qe4 g5 56. f5 Ra4 57. Qe8 Rh4+ 58. Kg1 Rf7 59. g3 Rc4 60. Kg2 Rc5 61. Qe6 Re5 62. Qc8 Rf8 63. Qd7+ Rf7 64. Qc8 Rfe7 65. Kh3 Re4 66. Qd8 Re8 67. Qd7+ R8e7 68. Qd6 Rf7 69. Qd1 Kg8 70. Qd8+ Kh7 71. Qd1 g4+ 72. Kh4 Rg7 73. Qd2 Re5 74. Qf2 Rb5 75. Qc2 Rd5 76. Qe2 Re5 77. Qf2 Rg5 78. Qa7+ Rg7 79. Qf2 Rd5 80. Qe2 Re5 81. Qf2 Kh6 82. Qd2+ Rg5 83. Qd8 Rh5+ 84. Kxg4 Rg5+ 85. Kh3 Rexf5 1/2-1/2

[Event "CAN/Quebec op"]
[Site "Montreal CAN"]
[Date "2008.07.24"]
[Round "6"]
[White "Huzman, Alexander"]
[Black "Venkatesh, Marani Rajendran"]
[Result "1/2-1/2"]
[WhiteElo "2589"]
[BlackElo "2462"]
[PlyCount "150"]
[GameId "2160767910353476"]
[EventDate "2008.07.19"]
[EventType "swiss"]
[EventRounds "9"]
[EventCountry "CAN"]
[SourceTitle "CBM 125 Extra"]
[Source "ChessBase"]
[SourceDate "2008.09.01"]
[SourceVersion "1"]
[SourceVersionDate "2008.09.01"]
[SourceQuality "1"]

1. d4 Nf6 2. c4 e6 3. g3 d5 4. Bg2 dxc4 5. Nf3 a6 6. O-O Nc6 7. Nc3 Rb8 8. e4 Be7 9. Qe2 Nxd4 10. Nxd4 Qxd4 11. Rd1 Qc5 12. e5 Nd5 13. Bxd5 exd5 14. Nxd5 Bd8 15. Be3 Qc6 16. Rac1 O-O 17. Rxc4 Qe6 18. Bc5 Re8 19. Rcd4 b6 20. Nf4 Qc6 21. Rxd8 Bb7 22. R8d5 bxc5 23. Rc1 Ba8 24. b3 h6 25. h4 Rbd8 26. Rcxc5 Qb6 27. Rxd8 Rxd8 28. Rc1 Qb7 29. f3 Qxf3 30. Qxf3 Bxf3 31. Kf2 Bg4 32. Ke3 g5 33. Nd3 Bf5 34. Nb4 Kf8 35. hxg5 hxg5 36. Rc5 Rd1 37. a4 Rb1 38. Rc3 Bc8 39. Kd2 Ke8 40. Rxc7 Be6 41. Nxa6 Rxb3 42. Rc3 Rb2+ 43. Kc1 Ra2 44. Nc5 Bf5 45. Nb7 Ra1+ 46. Kd2 Ke7 47. a5 Be4 48. Nd6 Bg2 49. Rc5 Ke6 50. Nb5 Kf5 51. Nd6+ Ke6 52. Ne8 Kf5 53. e6+ Kxe6 54. Rxg5 f5 55. a6 Bf1 56. Nc7+ Kf6 57. Rg8 Bxa6 58. Ra8 Ra2+ 59. Kc3 Ra3+ 60. Kb4 Rxg3 61. Rxa6+ Ke5 62. Kc4 f4 63. Re6+ Kf5 64. Re8 Re3 65. Rf8+ Kg4 66. Nd5 Re4+ 67. Kd3 Ra4 68. Rb8 Kg3 69. Nc3 Ra3 70. Kd2 f3 71. Rg8+ Kf4 72. Rf8+ Kg3 73. Ne4+ Kg4 74. Nf2+ Kg3 75. Nd3 Ra2+ 1/2-1/2

[Event "CAN/Quebec op"]
[Site "Montreal CAN"]
[Date "2008.07.24"]
[Round "6"]
[White "Komarov, Dimitri"]
[Black "Istratescu, Andrei"]
[Result "1/2-1/2"]
[WhiteElo "2536"]
[BlackElo "2636"]
[PlyCount "24"]
[GameId "2160767910353480"]
[EventDate "2008.07.19"]
[EventType "swiss"]
[EventRounds "9"]
[EventCountry "CAN"]
[SourceTitle "CBM 125 Extra"]
[Source "ChessBase"]
[SourceDate "2008.09.01"]
[SourceVersion "1"]
[SourceVersionDate "2008.09.01"]
[SourceQuality "1"]

1. d4 Nf6 2. c4 e6 3. Nf3 d5 4. Nc3 Be7 5. Bg5 h6 6. Bh4 O-O 7. e3 b6 8. Bd3 Bb7 9. O-O Nbd7 10. Qe2 Ne4 11. Bg3 Ndf6 12. Rfd1 Bb4 1/2-1/2

[Event "CAN/Quebec op"]
[Site "Montreal CAN"]
[Date "2008.07.24"]
[Round "6"]
[White "Kunte, Abhijit"]
[Black "Cornette, Matthieu"]
[Result "1/2-1/2"]
[WhiteElo "2554"]
[BlackElo "2521"]
[PlyCount "32"]
[GameId "2160767910353481"]
[EventDate "2008.07.19"]
[EventType "swiss"]
[EventRounds "9"]
[EventCountry "CAN"]
[SourceTitle "CBM 125 Extra"]
[Source "ChessBase"]
[SourceDate "2008.09.01"]
[SourceVersion "1"]
[SourceVersionDate "2008.09.01"]
[SourceQuality "1"]

1. Nf3 c5 2. e3 Nc6 3. d4 cxd4 4. exd4 d5 5. c4 Nf6 6. Nc3 Bg4 7. cxd5 Nxd5 8. Qb3 Bxf3 9. gxf3 Nb6 10. d5 Nd4 11. Qd1 e5 12. dxe6 fxe6 13. Be3 Bc5 14. Ne4 Bb4+ 15. Nc3 Bc5 16. Ne4 Bb4+ 1/2-1/2

[Event "CAN/Quebec op"]
[Site "Montreal CAN"]
[Date "2008.07.24"]
[Round "6"]
[White "Meera, Sai Ravi"]
[Black "Yap, Nicolas A"]
[Result "1/2-1/2"]
[WhiteElo "2179"]
[BlackElo "2279"]
[PlyCount "148"]
[GameId "2160767910353482"]
[EventDate "2008.07.19"]
[EventType "swiss"]
[EventRounds "9"]
[EventCountry "CAN"]
[SourceTitle "CBM 125 Extra"]
[Source "ChessBase"]
[SourceDate "2008.09.01"]
[SourceVersion "1"]
[SourceVersionDate "2008.09.01"]
[SourceQuality "1"]

1. e4 c5 2. Nc3 d6 3. f4 Nc6 4. Nf3 g6 5. Bc4 Bg7 6. O-O e6 7. d3 Nge7 8. Qe1 Nd4 9. Nxd4 cxd4 10. Ne2 O-O 11. Bb3 f5 12. Ng3 Kh8 13. exf5 exf5 14. h4 Nc6 15. h5 Re8 16. Qf2 Be6 17. hxg6 hxg6 18. Bd2 Qd7 19. Nh1 Bf6 20. Qf3 Kg7 21. Nf2 Re7 22. Nh3 Rae8 23. Bxe6 Rxe6 24. Ng5 Bxg5 25. fxg5 Re2 26. Rad1 R8e7 27. g4 R2e5 28. Bf4 Rc5 29. Qh3 Kg8 30. Qh6 Rg7 31. Rd2 Nd8 32. Qh2 Nf7 33. Qf2 fxg4 34. Qxd4 b6 35. Qe4 Qc8 36. d4 Rf5 37. Re2 Nxg5 38. Bxg5 Rxg5 39. Qe8+ Qxe8 40. Rxe8+ Kh7 41. Rff8 Rd7 42. Rh8+ Kg7 43. Rd8 Rxd8 44. Rxd8 Rd5 45. c3 Kf6 46. Kf2 Kg5 47. Kg3 a5 48. a4 Kf5 49. Rb8 Ke6 50. Rxb6 Kd7 51. Kxg4 Rf5 52. Rb5 Rf2 53. Kg5 Rg2+ 54. Kf6 Kc7 55. b3 Rg3 56. c4 Kc6 57. d5+ Kc7 58. Rxa5 Rxb3 59. Ra7+ Kb6 60. Rd7 Kc5 61. Rc7+ Kd4 62. Rc6 Ra3 63. Ke6 Rxa4 64. c5 dxc5 65. d6 Ra8 66. d7 Rd8 67. Ke7 Rxd7+ 68. Kxd7 c4 69. Rd6+ Ke3 70. Rxg6 c3 71. Kd6 c2 72. Rg1 Kd2 73. Rg2+ Kd1 74. Rxc2 Kxc2 1/2-1/2

[Event "CAN/Quebec op"]
[Site "Montreal CAN"]
[Date "2008.07.24"]
[Round "6"]
[White "Mikhalevski, Victor"]
[Black "Moiseenko, Alexander"]
[Result "1/2-1/2"]
[WhiteElo "2592"]
[BlackElo "2632"]
[PlyCount "35"]
[GameId "2160767910353483"]
[EventDate "2008.07.19"]
[EventType "swiss"]
[EventRounds "9"]
[EventCountry "CAN"]
[SourceTitle "CBM 125 Extra"]
[Source "ChessBase"]
[SourceDate "2008.09.01"]
[SourceVersion "1"]
[SourceVersionDate "2008.09.01"]
[SourceQuality "1"]

1. d4 d5 2. c4 c6 3. Nf3 Nf6 4. Nc3 dxc4 5. a4 e6 6. e3 c5 7. Bxc4 Nc6 8. O-O cxd4 9. exd4 Be7 10. Qe2 O-O 11. Rd1 Nb4 12. Ne5 Bd7 13. a5 Bc6 14. a6 Nbd5 15. Bg5 Qd6 16. Bh4 Rfd8 17. Bg3 Qb4 18. Qd2 1/2-1/2

[Event "CAN/Quebec op"]
[Site "Montreal CAN"]
[Date "2008.07.24"]
[Round "6"]
[White "Nicula, Marius"]
[Black "Ivkov, Borislav"]
[Result "1/2-1/2"]
[WhiteElo "2209"]
[BlackElo "2411"]
[PlyCount "88"]
[GameId "2160767910353484"]
[EventDate "2008.07.19"]
[EventType "swiss"]
[EventRounds "9"]
[EventCountry "CAN"]
[SourceTitle "EXT 2009"]
[Source "ChessBase"]
[SourceDate "2008.11.26"]
[SourceVersion "1"]
[SourceVersionDate "2008.11.26"]
[SourceQuality "1"]

1. d4 e6 2. e4 d5 3. exd5 exd5 4. Nf3 Bd6 5. c4 Nf6 6. Nc3 O-O 7. cxd5 Nbd7 8. Be2 h6 9. O-O Nb6 10. Ne5 Nbxd5 11. Bc4 Be6 12. Qf3 c6 13. Re1 Nxc3 14. Qxc3 Bxc4 15. Qxc4 Nd5 16. Bd2 Bxe5 17. dxe5 Qd7 18. h3 Rfe8 19. f4 Rad8 20. Qc2 Ne7 21. Be3 b6 22. Rad1 Qf5 23. Qxf5 Nxf5 24. Kf2 Ne7 25. Rxd8 Rxd8 26. g4 Rd5 27. Re2 Ra5 28. a3 Rb5 29. Rc2 Rb3 30. f5 Rd3 31. Rd2 Rd5 32. Rxd5 Nxd5 33. Bd2 h5 34. gxh5 Ne7 35. f6 gxf6 36. exf6 Nd5 37. Bg5 Nc7 38. Ke3 Ne6 39. h4 Nc5 40. Kd4 Nd7 41. b4 b5 42. Ke4 Kh7 43. Kd4 Kg8 44. Ke4 Kh7 1/2-1/2

[Event "CAN/Quebec op"]
[Site "Montreal CAN"]
[Date "2008.07.24"]
[Round "6"]
[White "Rathnakaran, Kantholi"]
[Black "Mohota, Nisha"]
[Result "1-0"]
[WhiteElo "2453"]
[BlackElo "2354"]
[PlyCount "89"]
[GameId "2160767910353485"]
[EventDate "2008.07.19"]
[EventType "swiss"]
[EventRounds "9"]
[EventCountry "CAN"]

1. e4 c5 2. Nf3 d6 3. g3 Nc6 4. Bg2 g6 5. c3 Bg7 6. O-O e5 7. d3 Nge7 8. Bd2 O-O 9. b4 cxb4 10. cxb4 d5 11. b5 Nd4 12. Nxd4 exd4 13. a4 dxe4 14. dxe4 Be6 15. Bb4 a5 16. Ba3 Qd7 17. Nd2 Rfe8 18. Bb2 Red8 19. Ra3 Qc7 20. Qa1 Bh6 21. f4 d3 22. Bd4 Rd7 23. Rc1 Qxc1+ 24. Qxc1 Rxd4 25. Bf1 Rc8 26. Qd1 Rcd8 27. Qf3 f5 28. e5 Bd5 29. Qf2 Be4 30. h4 Bf8 31. Ra1 Rb4 32. Qb6 Rc8 33. Qe6+ Kg7 34. Qf6+ Kg8 35. Nxe4 Rxe4 36. Bxd3 Rd4 37. Be2 h5 38. Rd1 Rxd1+ 39. Bxd1 Rc1 40. Qd6 b6 41. Kg2 Kh7 42. Bb3 Rb1 43. Bf7 Rb2+ 44. Kh3 Rb4 45. Qf6 1-0

[Event "CAN/Quebec op"]
[Site "Montreal CAN"]
[Date "2008.07.24"]
[Round "6"]
[White "Roussel-Roozmon, Thomas"]
[Black "Kovalyov, Anton"]
[Result "1/2-1/2"]
[WhiteElo "2486"]
[BlackElo "2548"]
[PlyCount "67"]
[GameId "2160767910353487"]
[EventDate "2008.07.19"]
[EventType "swiss"]
[EventRounds "9"]
[EventCountry "CAN"]
[SourceTitle "CBM 125 Extra"]
[Source "ChessBase"]
[SourceDate "2008.09.01"]
[SourceVersion "1"]
[SourceVersionDate "2008.09.01"]
[SourceQuality "1"]

1. d4 Nf6 2. c4 e6 3. Nc3 Bb4 4. Qc2 O-O 5. a3 Bxc3+ 6. Qxc3 b6 7. Bg5 Bb7 8. f3 h6 9. Bh4 d5 10. e3 Nbd7 11. cxd5 Nxd5 12. Bxd8 Nxc3 13. Bh4 Nd5 14. Bf2 c5 15. e4 Ne7 16. Ne2 f5 17. exf5 Nxf5 18. dxc5 Nxc5 19. Nc3 Rfd8 20. Rd1 Rxd1+ 21. Kxd1 Rd8+ 22. Kc2 Kf7 23. Bc4 Nd4+ 24. Kb1 Ndb3 25. Be2 Ba6 26. Bxa6 Nxa6 27. Rd1 Rxd1+ 28. Nxd1 Nac5 29. Kc2 Ke7 30. Nc3 Na1+ 31. Kd2 Nab3+ 32. Kc2 Na1+ 33. Kb1 Nab3 34. Kc2 1/2-1/2

[Event "CAN/Quebec op"]
[Site "Montreal CAN"]
[Date "2008.07.24"]
[Round "6"]
[White "Sambuev, Bator"]
[Black "Bluvshtein, Mark"]
[Result "1/2-1/2"]
[WhiteElo "2496"]
[BlackElo "2548"]
[PlyCount "112"]
[GameId "2160767910353488"]
[EventDate "2008.07.19"]
[EventType "swiss"]
[EventRounds "9"]
[EventCountry "CAN"]
[SourceTitle "CBM 125 Extra"]
[Source "ChessBase"]
[SourceDate "2008.09.01"]
[SourceVersion "1"]
[SourceVersionDate "2008.09.01"]
[SourceQuality "1"]

1. Nf3 Nf6 2. c4 e6 3. g3 d5 4. d4 Be7 5. Bg2 O-O 6. O-O dxc4 7. Qc2 a6 8. Qxc4 b5 9. Qc2 Bb7 10. Bg5 Be4 11. Qc1 Nbd7 12. Rd1 h6 13. Bxf6 Bxf6 14. Nbd2 Bb7 15. Nb3 Rc8 16. Na5 Bxf3 17. Bxf3 c5 18. Nc6 Qb6 19. dxc5 Nxc5 20. Rd6 Kh8 21. Qd2 Nb7 22. Rd7 Nc5 23. Rd6 Nb7 24. Rd7 Rxc6 25. Bxc6 Qxc6 26. Rc1 Qb6 27. b4 Rd8 28. Rxd8+ Nxd8 29. Rc8 e5 30. Qd5 Kh7 31. e3 g6 32. h4 Kg7 33. a3 h5 34. Qd7 Kh7 35. Ra8 Kg7 36. Ra7 e4 37. Kg2 Bb2 38. Ra8 Bf6 39. Qd5 Ne6 40. Rc8 Bb2 41. Rc2 Bf6 42. Qxe4 a5 43. Rc6 Qd8 44. Ra6 axb4 45. axb4 Bc3 46. Ra7 Qd6 47. Qb7 Nd8 48. Qxb5 Qxb4 49. Qd5 Bf6 50. Rd7 Qb6 51. Rd6 Qc7 52. e4 Ne6 53. e5 Be7 54. Rd7 Qc5 55. Qb7 Nd8 56. Qa8 Qxe5 1/2-1/2

[Event "CAN/Quebec op"]
[Site "Montreal CAN"]
[Date "2008.07.24"]
[Round "6"]
[White "Tayar, Jonathan"]
[Black "Rozentalis, Eduardas"]
[Result "0-1"]
[WhiteElo "2293"]
[BlackElo "2599"]
[PlyCount "90"]
[GameId "2160767910353489"]
[EventDate "2008.07.19"]
[EventType "swiss"]
[EventRounds "9"]
[EventCountry "CAN"]
[SourceTitle "CBM 125 Extra"]
[Source "ChessBase"]
[SourceDate "2008.09.01"]
[SourceVersion "1"]
[SourceVersionDate "2008.09.01"]
[SourceQuality "1"]

1. e4 e6 2. d4 d5 3. Nc3 Bb4 4. e5 c5 5. a3 Bxc3+ 6. bxc3 Ne7 7. Qg4 Qc7 8. Qxg7 Rg8 9. Qxh7 cxd4 10. Ne2 Nbc6 11. f4 Bd7 12. Qd3 dxc3 13. Nxc3 a6 14. Rb1 Na5 15. h4 O-O-O 16. Rh3 Nf5 17. h5 d4 18. Ne4 Bb5 19. Rxb5 axb5 20. Nf6 Rh8 21. Qxb5 Ne3 22. Bxe3 dxe3 23. Qb2 Qc5 24. Bd3 Rd4 25. Ne4 Qd5 26. Rxe3 Rxh5 27. Nf6 Rh1+ 28. Kf2 Rxf4+ 29. Kg3 Qd4 30. Qxd4 Rxd4 31. Ne4 Nc6 32. Nd6+ Kd7 33. Nxf7 Rhh4 34. Nd6 Nxe5 35. Nxb7 Nxd3 36. cxd3 Rh5 37. Nd8 Kxd8 38. Rxe6 Rg5+ 39. Kh2 Rxd3 40. Re2 Rxa3 41. Kh1 Kd7 42. Kh2 Kd6 43. Kg1 Re5 44. Rf2 Ke6 45. Kh2 Rh5+ 0-1